McGraw-Hill mathematics. (Record no. 13023)
[ view plain ]
| 000 -LEADER | |
|---|---|
| fixed length control field | 00828cam a2200277Ia 4500 |
| 020 ## - INTERNATIONAL STANDARD BOOK NUMBER | |
| ISBN | 002100126X (level 3) |
| 020 ## - INTERNATIONAL STANDARD BOOK NUMBER | |
| ISBN | 9780021001262 (level 3) |
| 020 ## - INTERNATIONAL STANDARD BOOK NUMBER | |
| ISBN | 0021001278 (level 4) |
| 020 ## - INTERNATIONAL STANDARD BOOK NUMBER | |
| ISBN | 9780021001279 (level 4) |
| 020 ## - INTERNATIONAL STANDARD BOOK NUMBER | |
| ISBN | 0021001286 (level 5) |
| 020 ## - INTERNATIONAL STANDARD BOOK NUMBER | |
| ISBN | 9780021001286 (level 5) |
| 020 ## - INTERNATIONAL STANDARD BOOK NUMBER | |
| ISBN | 0021001294 (level 6) |
| 020 ## - INTERNATIONAL STANDARD BOOK NUMBER | |
| ISBN | 9780021001293 (level 6) |
| 040 ## - CATALOGING SOURCE | |
| Transcribing agency | GZE |
| 082 ## - DEWEY DECIMAL CLASSIFICATION NUMBER | |
| Classification number | 372 MCG 2002 A013 Or. |
| 245 00 - TITLE STATEMENT | |
| Title | McGraw-Hill mathematics. |
| 246 30 - VARYING FORM OF TITLE | |
| Title proper/short title | Mathematics |
| 260 ## - PUBLICATION, DISTRIBUTION, ETC. (IMPRINT) | |
| Place of publication | New York, N.Y. : |
| Name of publisher | McGraw-Hill School Division, |
| Year of publication | 2002. |
| 300 ## - PHYSICAL DESCRIPTION | |
| Number of Pages | 7 v. : |
| Other physical details | col. ill. ; |
| Dimensions | 29 cm. |
| 500 ## - GENERAL NOTE | |
| General note | Senior program authors, Gunnar Carlsson and Ralph L. Cohen. |
| 650 #0 - SUBJECT ADDED ENTRY--TOPICAL TERM | |
| Topical Term | Mathematics |
| 700 1# - ADDED ENTRY--PERSONAL NAME | |
| Personal name | Carlsson, G. |
| 700 1# - ADDED ENTRY--PERSONAL NAME | |
| Personal name | Cohen, Ralph L., |
| 710 2# - ADDED ENTRY--CORPORATE NAME | |
| Corporate name or jurisdiction name as entry element | McGraw-Hill Companies. |
| 942 ## - ADDED ENTRY ELEMENTS (KOHA) | |
| Koha item type | សៀវភៅភាសាអង់គ្លេស |
| 952 ## - LOCATION AND ITEM INFORMATION (KOHA) | |
| Withdrawn status [LOCAL, KOHA] | 0 |
| Permanent Location | Date acquired | Koha item type | Lost status | Shelving location | Barcode | Current Location | Full call number |
|---|---|---|---|---|---|---|---|
| Library Block A | 2017-08-19 | សៀវភៅភាសាអង់គ្លេស | A013 | A20368 | Library Block A | 372 MCG 2002 A013 Or. |